000 00588nam a22002057a 4500
003 OSt
005 20140310182912.0
008 130128t xxu||||| |||| 00| 0 eng d
020 _a9712710459
050 _aTX 909
_b.Ya29 2001
082 _aFIL 338.4
_b.Ya29 2001
245 _aGetting started in the food service industry
_ban English manual for hotel and restaurant practitioners
_cYasa, Sinfrosa
260 _aManila
_bAnvil
_c2001
300 _a165 p.
_c25 cm.
521 _acollege students
526 _c1210L-1700L
541 _j1
562 _e1
942 _2lcc
_cBK
_kFIL
999 _c17239
_d17239